000 01123nam a22003375 4500
001 149263
003 ES-MaBCM
005 20241016184140.0
008 070522s2007 esp spa d
017 _aB.17806-2007
020 _a978-84-87072-78-9
021 _axx
035 _a(OCoLC)433341496
040 _cES-MaBCM
080 _a325.14(460):659.3
080 _a325.14(460):32
245 0 0 _aDiscursos sobre la inmigración en España
_b: los medios de comunicación, los parlamentos y las administraciones
_cRicard Zapata-Barrero y Teun A. Van Dijk (eds.)
260 _aBarcelona :
_bFundació CIDOB,
_c[2007]
300 _a272 p.
_bgráf.
_c22 cm
490 0 _aInterrogar la actualidad. Migraciones
_9110874
504 _aIncluye referencias bibliográficas
650 2 7 _aInmigración
_959009
650 7 _aDebate parlamentario
_958223
650 2 7 _aDiscurso
_958422
651 2 4 _aEspaña
_9115342
650 7 _aMedios de comunicación de masas
_958014
700 1 _aZapata Barrero, Ricard
_950070
700 1 _aDijk, Teun A. van
_980903
710 2 _aFundación CIDOB
_951907
942 _cBK
999 _c149263
_d149263